Statistiques concernant Harry Potter 7

Cliquez ici pour prendre le quiz!

Statistiques générales

  • Ce quiz a été pris 387 fois
  • Le résultat moyen est 12 sur 15

Statistiques - réponses

QuestionRéponse% Correct
Avec qui Harry est-il marié ?Ginny Weasley
100%
Avec qui Lupin est-il marier ?Tonks
98%
Avec qui Rogue a-t-il passé son enfanceLily Potter
97%
Qui fait apparaitre le patronus de la biche ?Severus Rogue
96%
L'enfant de Lupin est-il une fille ou un garçon ?un garçon
93%
Combiens d'enfants Harry a-t-il ?3
92%
Ou Harry meurt t'il ?dans la forêt interdite
92%
Combien de frères et sœurs Albus Dumbledore a-t-il ?2
91%
Comment s'appelle la maison de Bill et Fleur ?la chaumière au coquillage
89%
Qui meure dans le famille Weasley ?Fred
86%
Qui tu Rogue ?Nagini
82%
Qui est le plus grand des enfants de Harry ?James Sirius Potter
78%
Comment était l'enfance de Rogue ?Dur
55%
Ou Voldemort meurt t'ildans la Grande Salle
52%
Comment s'appelle l'enfant de LupinTed
21%

Distribution des résultats

Percentile par nombre de réponses

% des personnes avec chaque résultat

Votre développement - résultats

Vous n’avez pas pris ce quiz